000
00328nam a2200133Ia 4500
008
240624s9999 xx 000 0 und d
041
_a
eng
082
_a
828 RAD
100
_a
RADHAKRISHNAN S
245
_a
IDEALIST VIEW OF LIFE
260
_c
2009
_a
New Delhi
_b
HarperCollins
300
_a
361 : p. : cm. ; 21
365
_c
RS
_b
25
999
_c
18574
_d
18574